00439nam a22001457a 450000500170000000800410001702000180005804100120007608200140008810000120010224501030011425000190021726000320023665000250026820241002135338.0241002b |||||||| |||| 00| 0 eng d a9781485140276 aEnglish a346.7 HOC lEnglish aHockly's Law of Insolvency winding-up and Business Rescue /cA Smith, K van der Linde and J Calitz aTenth Edition  alxxiv, 640 pages; b25 cm.  aLegal practice bLaw